iGuruji: (Record no. 22670)

MARC details
000 -LEADER
fixed length control field 00823nam a22002177a 4500
008 - FIXED-LENGTH DATA ELEMENTS--GENERAL INFORMATION
fixed length control field 090130t xxu||||| |||| 00| 0 eng d
010 ## - LCCN (DPL NO)
LC control number ENG-92700
020 ## - INTERNATIONAL STANDARD BOOK NUMBER
Terms of availability 150.00
International Standard Book Number 9788188161454 (set)
020 ## - INTERNATIONAL STANDARD BOOK NUMBER
Terms of availability 150.00
International Standard Book Number 9788188161461 (v.1)
035 ## - SYSTEM CONTROL NUMBER
System control number EN-76233
037 ## - SOURCE OF ACQUISITION
Source of stock number/acquisition DBAD / PUB
040 ## - CATALOGING SOURCE
Original cataloging agency dpl
Language of cataloging English
082 ## - DEWEY DECIMAL CLASSIFICATION NUMBER
Classification number 230.53
100 ## - MAIN ENTRY--PERSONAL NAME
Personal name Almel, Seema
245 ## - TITLE STATEMENT
Title iGuruji:
Remainder of title informal talks with Guruji /
Statement of responsibility, etc by Seema Almel
260 ## - PUBLICATION, DISTRIBUTION, ETC. (IMPRINT)
Place of publication, distribution, etc Bangalore Urban
Name of publisher, distributor, etc Manasa Foundation
Date of publication, distribution, etc 2008
270 ## - ADDRESS
Address Taponagara, Chikkagubbi
City Bangalore Urban
Postal code 562149
300 ## - PHYSICAL DESCRIPTION
Extent ix, 149p.
Dimensions 21cm (pbk)
942 ## - ADDED ENTRY ELEMENTS (KOHA)
Source of classification or shelving scheme Dewey Decimal Classification
Item type English Books
Call number suffix ALM
Classification part 230.53
Holdings
Withdrawn status Lost status Source of classification or shelving scheme Damaged status Not for loan Collection code Home library Current library Date acquired Source of acquisition Cost, normal purchase price Total Checkouts Full call number Barcode Date last seen Copy number Cost, replacement price Koha item type
    Dewey Decimal Classification   Not For Loan Non-fiction D.B.Act.Division D.B.Act.Division   DBAB / PUB 150.00   230.53 ALM EN-76233 30/01/2009 1 150.00 English Books

© Delhi Public Library
Hit Counter
free hit counter